000 00390nam a22001457a 4500
005 20240109102629.0
008 190405b xxu||||| |||| 00| 0 eng d
020 _a978-81-85790-33-6
041 _aeng
100 _aSHAH, Y. I. ,PARADKAR,DR. A.R AND DHAYAGUDE ,M.G.
_98277
245 _aBIOSTISTICS AND COMPUTER SCIENCE
260 _aPUNE
_bNIRALI PRAKASHAN
300 _ai.2P,
942 _cBK
999 _c5817
_d5815